Replete religion. (Record no. 12733)

000 -LEADER
fixed length control field 00532nam a2200181 a 4500
001 - CONTROL NUMBER
control field :::00010547$&:&@@
003 - CONTROL NUMBER IDENTIFIER
control field OkBaRHE
005 - DATE AND TIME OF LATEST TRANSACTION
control field 20000607103400.0
008 - FIXED-LENGTH DATA ELEMENTS--GENERAL INFORMATION
fixed length control field j 000 0 eng u
040 ## - CATALOGING SOURCE
Transcribing agency
100 1# - MAIN ENTRY--PERSONAL NAME
Personal name Ostrom, Henry.
245 10 - TITLE STATEMENT
Title Replete religion.
260 ## - PUBLICATION, DISTRIBUTION, ETC. (IMPRINT)
Place of publication, distribution, etc Philadelphia, PA., :
Name of publisher, distributor, etc Christian Standard Co., LTD.
Date of publication, distribution, etc nd
300 ## - PHYSICAL DESCRIPTION
Extent 149 p. ;
Dimensions 18 cm.
650 ## - SUBJECT ADDED ENTRY--TOPICAL TERM
Topical term or geographic name as entry element Christian Life
942 ## - ADDED ENTRY ELEMENTS (KOHA)
Source of classification or shelving scheme
Koha item type Books
Copies
Copy number Damaged status Price effective from Not for loan Barcode Koha item type Date last seen Permanent Location Full call number Date acquired Source of classification or shelving scheme Withdrawn status Shelving location Lost status
1 2010-04-14 10547Books2010-04-14RHEMA Bible Training CollegeBV 4501 .O82010-04-14  General Stacks